Állandóan nő a tanyákon a trachomabetegek száma

Elmentve itt :
Bibliográfiai részletek
Dokumentumtípus: Cikk
Megjelent: 1934-07-24
Sorozat:Délmagyarország 10 No. 165
Kulcsszavak:Járvány Szeged 1934
Online Access:http://dmarchiv.bibl.u-szeged.hu/48518
LEADER 00429nab a2200145 i 4500
001 delm48518
005 20180927134901.0
008 180927s1934 hu o 0|| hun d
040 |a SZTE Délmagyarország Archívum  |b hun 
041 |a hun 
245 0 0 |a Állandóan nő a tanyákon a trachomabetegek száma  |h [elektronikus dokumentum] 
260 |c 1934-07-24 
300 |a 5 
490 0 |a Délmagyarország  |v 10 No. 165 
695 |a Járvány Szeged 1934